| 000 | 01668nam a2200361 a 4500 | ||
|---|---|---|---|
| 001 | ebr10509510 | ||
| 003 | CaPaEBR | ||
| 006 | m u | ||
| 007 | cr cn||||||||| | ||
| 008 | 870303s1987 ne sb 001 0 eng d | ||
| 010 | _z 87003706 | ||
| 020 | _z9027245290 (alk. paper) | ||
| 020 | _z9789027245298 | ||
| 020 | _z9789027278845 (e-book) | ||
| 040 |
_aCaPaEBR _cCaPaEBR |
||
| 035 | _a(OCoLC)609230635 | ||
| 050 | 1 | 4 |
_aPA53 _b.H57 1987eb |
| 082 | 0 | 4 |
_a410/.9/015 _219 |
| 245 | 0 | 4 |
_aThe History of linguistics in the classical period _h[electronic resource] / _cedited by Daniel J. Taylor. |
| 260 |
_aAmsterdam ; _aPhiladelphia : _bJ. Benjamins Pub. Co., _c1987. |
||
| 300 | _axii, 298 p. | ||
| 490 | 1 |
_aAmsterdam studies in the theory and history of linguistic science. Series III, Studies in the history of the language sciences, _x0304-0720 ; _vv. 46 |
|
| 504 | _aIncludes bibliographical references (p. [275]-294) and index. | ||
| 533 |
_aElectronic reproduction. _bPalo Alto, Calif. : _cebrary, _d2013. _nAvailable via World Wide Web. _nAccess may be limited to ebrary affiliated libraries. |
||
| 650 | 0 |
_aClassical languages _xGrammar, Historical. |
|
| 650 | 0 |
_aClassical philology _xHistory _yTo 1500. |
|
| 650 | 0 |
_aLinguistics _xHistory _yTo 1500. |
|
| 655 | 7 |
_aElectronic books. _2local |
|
| 700 | 1 | _aTaylor, Daniel J. | |
| 710 | 2 | _aebrary, Inc. | |
| 830 | 0 |
_aAmsterdam studies in the theory and history of linguistic science. _nSeries III, _pStudies in the history of the language sciences ; _vv. 46. |
|
| 856 | 4 | 0 |
_uhttp://site.ebrary.com/lib/rucke/Doc?id=10509510 _zAn electronic book accessible through the World Wide Web; click to view |
| 999 |
_c116402 _d116402 |
||